| 000 | 00921nam a22001817a 4500 | ||
|---|---|---|---|
| 005 | 20220721110729.0 | ||
| 008 | 220405b ||||| |||| 00| 0 eng d | ||
| 020 | _a9780857939098 | ||
| 050 | _aK487.E3 L443 | ||
| 245 |
_aLegal origin theory / _cedited by Simon Deakin and Katharina Pistor. |
||
| 260 |
_aCheltenham: _bEdward Elgar Publication, _c2012. |
||
| 300 |
_axx, 622 p . : _bill, ; _c26 cm. |
||
| 500 | _aincludes bibliographical references | ||
| 505 | _aContents: Legal origin:Concept and consequencies -- Common and civil law in comparrative legal scholarship -- Data and methodology -- Legal origin and evolution of law and legal systems -- Beyond legal origin:Understanding institutional determinants of economic growth -- Comparative analyses of legal systems - Comparative analysis of legal systems 0 Alternative Approaches. | ||
| 700 | _aDeakin Simon. | ||
| 700 | _a Pistor katharina | ||
| 942 |
_2lcc _cBK |
||
| 999 |
_c8964 _d16464 |
||